000 00952cam a22002531i 4500
003 SA-RiAUC
005 20251230064022.0
008 251229s2009 su g 00000 ara c
020 _a9786030061631
040 _aSA-JeALM
_bara
_cSA-RiAUC
_erda
050 4 _b.D83 2009
082 0 4 _a237.3
_qSA-RiAUC
090 _a237.3
_b د ع ا
245 0 2 _aالدعاء هو العبادة /
_cجمع وإعداد أسامة بن حسن شبندر
246 _aقال صلى الله عليه وسلم ( الدعاء هو العبادة )
264 1 _aمكة المكرمة :
_bأسامة بن حسن شبندر،
_c2006
300 _a117 صفحة ؛
_c18 سم.
336 _aنص
_btxt
_2rdacontent
_3كتاب
337 _aبدون وسيط
_bn
_2rdamedia
650 7 _aالأدعية والأوراد
_2aucsh
700 1 _aشبندر، أسامة بن حسن
_eجامع.
942 _2ddc
_cBOOK
_n0
949 _aSA-JeALM
_d251229
_uosman123
_n1
999 _c13803
_d13803